[Event "3rd Al Ain Chess Classic"]
[Site "Al-Ain UAE"]
[Date "2014.12.24"]
[Round "7.45"]
[White "Jasmeher, Singh Kathuria"]
[Black "Huseynov, Shahin"]
[Result "0-1"]
[WhiteElo "1500"]
[BlackElo "2162"]
[WhiteFideId "25092120"]
[BlackFideId "13401106"]
[EventDate "2014.12.19"]

1. e4 c5 2. d4 cxd4 3. c3 dxc3 4. Nxc3 Nc6 5. Nf3 e6 6. Bc4 a6 7. O-O Nf6 8. Qe2
Qc7 9. Rd1 d6 10. Bf4 Nh5 11. Be3 Be7 12. Rac1 Nf6 13. Na4 Nd7 14. Bb3 b5 15.
Nd4 Nxd4 16. Bxd4 Qb8 17. Nc3 O-O 18. f4 Bb7 19. f5 e5 20. Bf2 Nf6 21. g4 b4 22.
g5 bxc3 23. gxf6 Bxf6 24. Rxc3 a5 25. Rh3 Qc7 26. Rdd3 Ba6 27. Qh5 h6 28. Rc3
Qb7 29. Bd5 Qxb2 30. Bxa8 Qa1+ 31. Kg2 Bf1+ 32. Kg3 Qxc3+ 33. Qf3 Qxf3+ 34. Kxf3
Bxh3 35. Bd5 Bf1 36. Be1 a4 37. Bb4 Be7 38. Bc6 Bc4 39. a3 Bb3 40. Ke3 Rc8 41.
Bb5 Rc2 42. Be2 Ra2 0-1

[Event "3rd Al Ain Chess Classic"]
[Site "Al-Ain UAE"]
[Date "2014.12.24"]
[Round "7.46"]
[White "Ali, M Alkindi"]
[Black "Sameir, Ramez"]
[Result "1-0"]
[WhiteElo "1443"]
[BlackElo "2128"]
[WhiteFideId "9312293"]
[BlackFideId "10606017"]
[EventDate "2014.12.19"]

1. e4 e6 2. d4 d5 3. Nd2 dxe4 4. Nxe4 Nf6 5. Nxf6+ Qxf6 6. Nf3 Qd8 7. Bc4 Be7 8.
O-O O-O 9. b3 c5 10. Bb2 Bf6 11. Re1 Nc6 12. c3 cxd4 13. cxd4 Qd6 14. Qd2 Rd8
15. Rad1 b6 16. d5 exd5 17. Bxd5 Bb7 18. Bxf7+ Kxf7 19. Qxd6 Rxd6 20. Rxd6 Bxb2
21. Rd7+ Kf6 22. Rxb7 Rd8 23. Rc7 Rd6 24. Kf1 a5 25. Rb1 Ba3 26. h4 h6 27. g4
Nb4 28. g5+ hxg5 29. Nxg5 Kg6 30. Re1 Rd2 31. Re6+ Kh5 32. Rxg7 Nd3 33. Rh7+ Kg4
34. f3+ Kf4 35. Rf7+ 1-0

[Event "3rd Al Ain Chess Classic"]
[Site "Al-Ain UAE"]
[Date "2014.12.24"]
[Round "7.47"]
[White "Praggnanandhaa, R"]
[Black "Khademalsharieh, Sarasadat"]
[Result "0-1"]
[WhiteTitle "FM"]
[BlackTitle "WGM"]
[WhiteElo "2104"]
[BlackElo "2378"]
[WhiteFideId "25059530"]
[BlackFideId "12512214"]
[EventDate "2014.12.19"]

1. e4 e5 2. Nf3 Nc6 3. Bc4 Nf6 4. Nc3 Nxe4 5. Nxe4 d5 6. Bd3 dxe4 7. Bxe4 Bd6 8.
d4 exd4 9. Bxc6+ bxc6 10. Qxd4 O-O 11. Be3 Be6 12. O-O Bd5 13. c4 Bxf3 14. gxf3
c5 15. Qg4 f5 16. Qg2 Qh4 17. f4 Rae8 18. Kh1 Re4 19. Rg1 Qe7 20. Rae1 Rf7 21.
Rd1 g6 22. Qf3 Rxc4 23. Rc1 Re4 24. b3 Qe6 25. Rc3 Rf8 26. Rgc1 Rb8 27. Bxc5
Bxf4 28. Rd1 Re8 29. Kg2 Qf6 30. Qh3 Qg5+ 31. Kf1 Bd2 32. Rg3 Re1+ 33. Rxe1
Rxe1+ 34. Kg2 Qf6 35. Rd3 Bf4 36. Bd4 Qg5+ 37. Kf3 Bd6 38. Be3 Qe7 39. Rd4 Qe8
40. Rc4 Qa8+ 0-1

[Event "3rd Al Ain Chess Classic"]
[Site "Al-Ain UAE"]
[Date "2014.12.24"]
[Round "7.48"]
[White "Mammadova, Gulnar"]
[Black "Mammadova, Narmin"]
[Result "1/2-1/2"]
[WhiteTitle "WGM"]
[BlackTitle "WCM"]
[WhiteElo "2354"]
[BlackElo "2092"]
[WhiteFideId "13403508"]
[BlackFideId "13403710"]
[EventDate "2014.12.19"]

1. e4 c6 2. Nf3 d5 3. exd5 cxd5 4. Ne5 Nc6 5. Bb5 Bd7 6. Nxd7 Qxd7 7. O-O Nf6 8.
d4 e6 9. Nc3 Be7 10. Ne2 a6 11. Bd3 Nb4 12. c3 Nxd3 13. Qxd3 O-O 14. Ng3 Bd6 15.
Bg5 Bxg3 16. hxg3 Ne4 17. Bf4 Nd6 18. g4 Rae8 19. Rfe1 f6 20. Rad1 Nf7 21. Bg3
Ng5 22. Bf4 Nf7 23. Bg3 Ng5 24. f3 h6 25. Bf4 Nh7 26. Re3 f5 27. gxf5 Rxf5 28.
Bg3 Qf7 29. Rde1 Qg6 30. Be5 h5 31. f4 Nf6 32. Bxf6 Qxf6 33. Re5 Rxe5 34. fxe5
Qg5 35. Qh3 Qg6 36. Rf1 Rf8 37. Rxf8+ Kxf8 38. Kh2 Ke7 39. Qh4+ Kd7 40. b3 b5
41. a4 1/2-1/2

[Event "3rd Al Ain Chess Classic"]
[Site "Al-Ain UAE"]
[Date "2014.12.24"]
[Round "7.50"]
[White "Tagelsir, Abubaker"]
[Black "Mohannad, Farhan"]
[Result "1/2-1/2"]
[WhiteTitle "FM"]
[BlackTitle "FM"]
[WhiteElo "2029"]
[BlackElo "2281"]
[WhiteFideId "12200875"]
[BlackFideId "8100918"]
[EventDate "2014.12.19"]

1. e4 e6 2. d4 d5 3. Nc3 Nf6 4. e5 Nfd7 5. f4 c5 6. Nf3 Nc6 7. Be3 Be7 8. Be2
O-O 9. O-O b6 10. Qe1 f5 11. Nd1 cxd4 12. Nxd4 Nxd4 13. Bxd4 Nc5 14. Nf2 Bb7 15.
b4 Nd7 16. Rb1 Qc8 17. Qd2 Ba6 18. b5 Bb7 19. Kh1 Nc5 20. Qe3 Qc7 21. Nd3 Ne4
22. Ne1 g5 23. fxg5 Bxg5 24. Qh3 Qg7 25. Nf3 Be7 26. Bd3 Bc5 27. c3 Rac8 28. Qh4
Be7 29. Qe1 Qh6 30. Be3 f4 31. Bd2 Qh5 32. Kg1 Bc5+ 33. Nd4 Qxe5 34. Bxe4 Bxd4+
35. cxd4 Qxd4+ 36. Qf2 Qxf2+ 37. Rxf2 dxe4 38. Bxf4 Rf5 39. Rbb2 Rcc5 40. a4 Rc4
41. Ra2 Bd5 42. Ra1 Rc3 43. g4 Rf8 44. Bd2 Rxf2 45. Kxf2 Rf3+ 46. Kg1 e3 47. Be1
Rf4 48. h3 Rc4 49. Kh2 Rc2+ 50. Kg3 e5 51. h4 Rg2+ 52. Kh3 Rg1 53. Bc3 Rxa1 54.
Bxa1 e2 55. Bc3 Kf7 56. Kg3 Ke6 57. Kf2 Bc4 58. h5 Kf6 59. Bd2 e4 60. Bf4 Bb3
61. Ke1 Bxa4 62. g5+ Kg7 63. Bb8 Bxb5 64. Bxa7 Be8 65. h6+ Kg6 66. Bxb6 Kxg5 67.
Be3+ Kg4 68. Kxe2 Bb5+ 69. Kf2 1/2-1/2

[Event "3rd Al Ain Chess Classic"]
[Site "Al-Ain UAE"]
[Date "2014.12.24"]
[Round "7.51"]
[White "Rafee, Mohd Hayel"]
[Black "Galojan, Lilit"]
[Result "0-1"]
[BlackTitle "IM"]
[WhiteElo "1931"]
[BlackElo "2275"]
[WhiteFideId "7603126"]
[BlackFideId "13301314"]
[EventDate "2014.12.19"]

1. e4 c5 2. Nc3 Nc6 3. f4 g6 4. Nf3 Bg7 5. Bb5 Nd4 6. O-O a6 7. Bc4 b5 8. Bd5
Rb8 9. d3 e6 10. Bb3 Ne7 11. Nxd4 cxd4 12. Ne2 f5 13. Qe1 O-O 14. e5 Qb6 15. Qf2
d6 16. Nxd4 dxe5 17. fxe5 f4 18. Nf3 h6 19. Bd2 Nd5 20. Rae1 g5 21. Qxb6 Rxb6
22. Ba5 Rb7 23. Nd4 Kh8 24. Bxd5 exd5 25. Nc6 Re8 26. d4 Bg4 27. c3 Bf8 28. Bb4
Rc7 29. Bxf8 Rxc6 30. Bd6 Bh5 31. h4 Kg7 32. hxg5 hxg5 33. a4 bxa4 34. Ra1 Rb6
35. Rxa4 Rxb2 36. Rxa6 Be2 37. Ra7+ Kg6 38. Re1 Bd3 39. Rea1 Be4 0-1

[Event "3rd Al Ain Chess Classic"]
[Site "Al-Ain UAE"]
[Date "2014.12.24"]
[Round "7.52"]
[White "Derakhshani, Borna"]
[Black "Safranska, Anda"]
[Result "0-1"]
[WhiteTitle "CM"]
[BlackTitle "WGM"]
[WhiteElo "1979"]
[BlackElo "2267"]
[WhiteFideId "12518450"]
[BlackFideId "11600209"]
[EventDate "2014.12.19"]

1. e4 Nf6 2. e5 Nd5 3. c4 Nb6 4. c5 Nd5 5. Bc4 c6 6. Nc3 e6 7. Ne4 b6 8. Nd6+
Bxd6 9. cxd6 Ba6 10. d3 O-O 11. Nf3 f6 12. O-O c5 13. Qb3 Bb7 14. Re1 Kh8 15.
Bd2 fxe5 16. Rxe5 Nf4 17. Bxf4 Rxf4 18. Rh5 Bxf3 19. gxf3 Nc6 20. d4 g6 21. Rh3
Nxd4 22. Qc3 Qf6 23. Kg2 Rf8 24. Rd1 e5 25. Bd5 Qxd6 26. Be4 Qe6 27. Qd3 d5 28.
Bxg6 Qxh3+ 29. Kxh3 Rxf3+ 30. Kg2 Rxd3 31. Bxd3 e4 32. Bb1 Kg7 33. a4 Kf6 34.
Ba2 Ke5 35. Rd2 Rf3 36. Bb1 a5 37. Kf1 e3 0-1

[Event "3rd Al Ain Chess Classic"]
[Site "Al-Ain UAE"]
[Date "2014.12.24"]
[Round "7.53"]
[White "Suhail, Sokari"]
[Black "Aliyev, Elnur"]
[Result "1-0"]
[WhiteElo "1912"]
[BlackElo "2141"]
[WhiteFideId "7604530"]
[BlackFideId "13402617"]
[EventDate "2014.12.19"]

1. e4 c5 2. Nc3 g6 3. f4 Bg7 4. Bc4 Nc6 5. a4 e6 6. Nf3 Nge7 7. d3 O-O 8. O-O
Nd4 9. Kh1 d5 10. Ba2 dxe4 11. dxe4 b6 12. Ne2 Nxf3 13. gxf3 Qxd1 14. Rxd1 Ba6
15. Ng3 Rfd8 16. Re1 Nc6 17. c3 Na5 18. Nf1 Rd3 19. Ne3 Rad8 20. Kg2 c4 21. Kg3
Bf8 22. Nc2 Bc5 23. Nb4 Bxb4 24. cxb4 Nb3 25. Bxb3 Rxb3 26. b5 Bb7 27. Ra3 Rdd3
28. Re3 Rxe3 29. Bxe3 Rxb2 30. Ra1 Rb3 31. Kf2 Rb2+ 32. Kg3 Kf8 33. Bd4 Rd2 34.
Bf6 Rd3 35. Rc1 Ke8 36. Rxc4 Rd7 37. Kg4 h6 38. h4 Rd1 39. Rc7 Rd7 40. Rc3 Rd1
41. Rc7 Rd7 42. Rxd7 Kxd7 43. h5 Kd6 44. hxg6 fxg6 45. Bd4 Bc8 46. Kh4 Bd7 47.
Bg7 h5 48. Bf8+ Kc7 49. Kg5 Be8 50. Bb4 a6 51. bxa6 Bxa4 52. Kxg6 Be8+ 53. Kf6
h4 54. Kxe6 h3 55. Bd6+ Kc6 56. f5 Bf7+ 57. Kxf7 Kxd6 58. a7 h2 59. a8=Q h1=Q
60. Qb8+ Kc5 61. Qe5+ Kc4 62. Qd5+ Kb4 63. f6 b5 64. e5 Qh7+ 65. Ke8 Qh8+ 66.
Ke7 Ka4 67. f7 Qh4+ 68. Kd7 Qf4 69. Qe4+ 1-0

[Event "3rd Al Ain Chess Classic"]
[Site "Al-Ain UAE"]
[Date "2014.12.24"]
[Round "7.54"]
[White "Vaishali, R"]
[Black "Ahadzade, Kanan"]
[Result "1-0"]
[WhiteTitle "WFM"]
[WhiteElo "2134"]
[BlackElo "1909"]
[WhiteFideId "5091756"]
[BlackFideId "13405640"]
[EventDate "2014.12.19"]

1. b3 d5 2. Bb2 Nd7 3. Nf3 c6 4. g3 Qc7 5. d4 e6 6. Bg2 Bd6 7. O-O Ngf6 8. Nbd2
O-O 9. Re1 b6 10. e4 dxe4 11. Nxe4 Nxe4 12. Rxe4 Bb7 13. Qd3 Nf6 14. Rh4 h6 15.
d5 e5 16. dxc6 Bxc6 17. Rc4 e4 18. Qc3 Bc5 19. Nd4 Bd5 20. Nf5 Qd7 21. Nxg7 Ng4
22. Rxc5 bxc5 23. Rd1 Rad8 24. Nf5 f6 25. Rxd5 Qe6 26. Qxc5 Rxd5 27. Qxd5 Qxd5
28. Ne7+ Kf7 29. Nxd5 Re8 30. h3 e3 31. fxe3 Nxe3 32. Nxe3 Rxe3 33. Kf2 Re7 34.
c4 Kg6 35. Bc3 f5 36. c5 Kg5 37. c6 Rc7 38. Be5 Rc8 39. c7 Kg6 40. Bb7 1-0

[Event "3rd Al Ain Chess Classic"]
[Site "Al-Ain UAE"]
[Date "2014.12.24"]
[Round "7.55"]
[White "Ahmed, Fareed"]
[Black "Khalafova, Narmin"]
[Result "0-1"]
[BlackTitle "WFM"]
[WhiteElo "1911"]
[BlackElo "2161"]
[WhiteFideId "9303677"]
[BlackFideId "13402625"]
[EventDate "2014.12.19"]

1. e4 c5 2. Nf3 d6 3. d4 cxd4 4. Nxd4 Nf6 5. Nc3 a6 6. Be2 e5 7. Nb3 Be7 8. O-O
O-O 9. Be3 Be6 10. Qd2 Nbd7 11. a4 Rc8 12. a5 Qc7 13. Rfc1 Qc6 14. Bf3 Bc4 15.
Qd1 Rfd8 16. Ra4 Nf8 17. Bb6 Rd7 18. Nd2 Be6 19. Rb4 d5 20. exd5 Nxd5 21. Rc4
Qxc4 22. Nxc4 Nxb6 23. Nxb6 Rxd1+ 24. Rxd1 Rb8 25. Ncd5 Bd8 26. c4 f5 27. b4 e4
28. Be2 Kf7 29. c5 Ng6 30. Nc4 Ne7 31. Nd6+ Kf8 32. Nb6 Nc6 33. Nxb7 Rxb7 34.
Bxa6 Rc7 35. Bb5 Be7 36. Bxc6 Rxc6 37. a6 Rc7 38. Ra1 Ra7 39. c6 Bd8 40. Nd7+
Bxd7 41. cxd7 Ke7 42. b5 Bb6 0-1

[Event "3rd Al Ain Chess Classic"]
[Site "Al-Ain UAE"]
[Date "2014.12.24"]
[Round "7.56"]
[White "Asadli, Vugar"]
[Black "Ammar, Sedrani"]
[Result "1-0"]
[WhiteTitle "CM"]
[WhiteElo "2043"]
[BlackElo "1485"]
[WhiteFideId "13405764"]
[BlackFideId "9312331"]
[EventDate "2014.12.19"]

1. e4 c5 2. Nc3 Nc6 3. Nf3 e5 4. Bc4 Be7 5. d3 d6 6. O-O Nf6 7. Ng5 O-O 8. f4
exf4 9. Bxf4 h6 10. Nf3 Be6 11. Nd5 a6 12. a4 Rb8 13. Qd2 b5 14. axb5 axb5 15.
Nxe7+ Qxe7 16. Bxe6 fxe6 17. e5 dxe5 18. Nxe5 Nxe5 19. Bxe5 Rbc8 20. h3 Rcd8 21.
Qe2 Nd5 22. Qe4 Nf6 23. Qg6 Rd5 24. Bxf6 Rxf6 25. Rxf6 Qxf6 26. Ra8+ Rd8 27.
Qxf6 gxf6 28. Rxd8+ Kf7 29. b4 cxb4 30. Rd7+ Kg6 31. Rb7 e5 32. Rxb5 1-0

[Event "3rd Al Ain Chess Classic"]
[Site "Al-Ain UAE"]
[Date "2014.12.24"]
[Round "7.57"]
[White "Amer, Mohammed Bishara"]
[Black "Harikrishnan, Samyuktha"]
[Result "0-1"]
[WhiteElo "1955"]
[BlackElo "1452"]
[WhiteFideId "12200719"]
[BlackFideId "25076140"]
[EventDate "2014.12.19"]

1. e4 e5 2. Nf3 Nc6 3. Bb5 a6 4. Bxc6 dxc6 5. d3 Be6 6. h3 h6 7. Be3 Nf6 8. Nc3
Bd6 9. O-O O-O 10. Ne2 Qe7 11. Ng3 Rad8 12. Qd2 c5 13. c4 c6 14. Rad1 Bc7 15. b3
b5 16. Qc3 Nd7 17. Qc1 Bb6 18. Nh2 Qh4 19. Nf3 Qe7 20. Bd2 Qf6 21. Kh2 Rfe8 22.
Ng1 Qh4 23. f4 Bg4 24. Nf3 Bxf3 25. Rxf3 Bc7 26. Nf5 Qh5 27. g4 Qg6 28. g5 exf4
29. gxh6 Ne5 30. Rxf4 Nxd3 31. Qc2 Nxf4 32. Bxf4 Bxf4+ 33. Kh1 Qh5 34. Rd3 Rxd3
35. Qxd3 Bxh6 36. e5 f6 37. e6 Rxe6 38. Ng3 Qxh3+ 39. Kg1 0-1

[Event "3rd Al Ain Chess Classic"]
[Site "Al-Ain UAE"]
[Date "2014.12.24"]
[Round "7.58"]
[White "Ali Rashid, Ali"]
[Black "Alnyeyadi, Abdulla"]
[Result "1-0"]
[WhiteElo "1799"]
[BlackElo "1423"]
[WhiteFideId "9304762"]
[BlackFideId "9308393"]
[EventDate "2014.12.19"]

1. d4 Nf6 2. Nf3 g6 3. g3 Bg7 4. Bg2 O-O 5. O-O c5 6. d5 d6 7. Nc3 Bd7 8. a4 Na6
9. e4 c4 10. Be3 b6 11. h3 Rc8 12. Nd2 Qe8 13. Qe2 Nb4 14. Nxc4 Nxc2 15. Nxd6
exd6 16. Qxc2 Rc4 17. Qd3 Qc8 18. Kh2 Re8 19. Rac1 Qa6 20. b3 Rxa4 21. Qxa6 Rxa6
22. Ra1 Rxa1 23. Rxa1 Nxe4 24. Rxa7 Nxc3 25. Rxd7 Nb5 26. Bxb6 Re2 27. Rd8+ Bf8
28. Bf1 Rb2 29. Bxb5 Rxb3 30. Be3 Kg7 31. Bc6 Be7 32. Rd7 Bf8 33. Bd4+ Kg8 34.
Rd8 Rb4 35. Bf6 Re4 36. Re8 Rxe8 37. Bxe8 h5 38. g4 1-0

[Event "3rd Al Ain Chess Classic"]
[Site "Al-Ain UAE"]
[Date "2014.12.24"]
[Round "7.59"]
[White "Hamdan, Marshool"]
[Black "Al Amoudy, Saif"]
[Result "1-0"]
[WhiteElo "1763"]
[BlackElo "1421"]
[WhiteFideId "9303804"]
[BlackFideId "9308610"]
[EventDate "2014.12.19"]

1. e4 e6 2. d4 d5 3. exd5 exd5 4. Bd3 c5 5. Qe2+ Qe7 6. dxc5 Qxe2+ 7. Nxe2 Bxc5
8. Nbc3 Nf6 9. Bg5 Be7 10. Nf4 Be6 11. Bxf6 Bxf6 12. Ncxd5 Bxd5 13. Nxd5 Bxb2
14. Rb1 Be5 15. Rxb7 O-O 16. f4 Bd6 17. Nc7 Bxc7 18. Rxc7 Re8+ 19. Kd2 a5 20.
Re1 Rxe1 21. Rc8+ Re8 22. Rxe8# 1-0

[Event "3rd Al Ain Chess Classic"]
[Site "Al-Ain UAE"]
[Date "2014.12.24"]
[Round "7.60"]
[White "Khalifah, Khaled"]
[Black "Abdulla, Ali"]
[Result "1/2-1/2"]
[WhiteElo "1340"]
[BlackElo "1747"]
[WhiteFideId "9312552"]
[BlackFideId "9302336"]
[EventDate "2014.12.19"]

1. d4 Nf6 2. Bf4 g6 3. Nf3 Bg7 4. e3 O-O 5. c4 d6 6. Nc3 c5 7. h3 Qa5 8. Bd3 Nh5
9. Bh2 Nc6 10. Bc2 Qb4 11. Bb3 Qb6 12. d5 Na5 13. O-O Nxb3 14. Qxb3 Bd7 15. Rfe1
Qxb3 16. axb3 a6 17. e4 b5 18. cxb5 axb5 19. Rxa8 Rxa8 20. g4 Nf6 21. e5 dxe5
22. Nxe5 Be8 23. Nc6 b4 24. Nxe7+ Kh8 25. g5 bxc3 26. gxf6 Bxf6 27. bxc3 Bxc3
28. Re2 f6 29. Re3 Bd4 30. Rf3 Bb5 31. Bc7 1/2-1/2

[Event "3rd Al Ain Chess Classic"]
[Site "Al-Ain UAE"]
[Date "2014.12.24"]
[Round "7.61"]
[White "Al Shamisi, Hareb Nasser"]
[Black "Ali, Abdulaziz"]
[Result "0-1"]
[WhiteElo "1389"]
[BlackElo "1718"]
[WhiteFideId "9308067"]
[BlackFideId "9304347"]
[EventDate "2014.12.19"]

1. e4 e5 2. Nf3 Nc6 3. Bb5 a6 4. Ba4 Nf6 5. O-O b5 6. Bb3 Bb7 7. Re1 Bc5 8. c3
d6 9. d4 Bb6 10. Be3 O-O 11. Nbd2 Re8 12. a4 h6 13. Qb1 Na5 14. Bc2 Nc6 15. h3
exd4 16. cxd4 Nb4 17. e5 Nxc2 18. Qxc2 Nd5 19. Ne4 Nb4 20. Qb1 dxe5 21. Bd2 Nc6
22. dxe5 Nxe5 23. Nxe5 Rxe5 24. Bc3 Re6 25. Qc2 Qh4 26. a5 Ba7 27. Nf6+ gxf6 28.
Rxe6 fxe6 29. Qg6+ Kf8 30. g3 Qg5 31. Bb4+ c5 32. Qh7 Qg7 33. Qxg7+ Kxg7 34. Bd2
c4 35. Re1 e5 36. Kh2 Bxf2 37. Rc1 Rd8 38. Bb4 Rd3 0-1

[Event "3rd Al Ain Chess Classic"]
[Site "Al-Ain UAE"]
[Date "2014.12.24"]
[Round "7.62"]
[White "Sidharth Balaji Sridharan"]
[Black "Atakishiyev, Elmar"]
[Result "0-1"]
[WhiteElo "1114"]
[BlackElo "1648"]
[WhiteFideId "45002789"]
[BlackFideId "13410547"]
[EventDate "2014.12.19"]

1. e4 e6 2. d4 d5 3. Nd2 a6 4. Bd3 c5 5. c3 Nc6 6. Ngf3 cxd4 7. cxd4 Bb4 8. O-O
Nf6 9. e5 Nd7 10. a3 Ba5 11. Nb3 Bb6 12. Be3 f6 13. exf6 Nxf6 14. Ne5 O-O 15.
Nxc6 bxc6 16. Bg5 Bc7 17. Bxf6 Qxf6 18. Qc2 Qh6 19. h3 e5 20. Rac1 Rf6 21. Qd2
Qxd2 22. Nxd2 e4 23. Be2 Bf4 24. Rfd1 Rb8 25. b4 a5 26. bxa5 Rb2 27. a6 Rf7 28.
Rb1 Rxd2 29. Rb8 Bxb8 30. Rb1 Ba7 0-1

[Event "3rd Al Ain Chess Classic"]
[Site "Al-Ain UAE"]
[Date "2014.12.24"]
[Round "7.63"]
[White "Amini, Hossein Ali"]
[Black "Orujova, Najiba"]
[Result "1-0"]
[WhiteElo "1521"]
[BlackElo "1332"]
[WhiteFideId "11201584"]
[BlackFideId "13415913"]
[EventDate "2014.12.19"]

1. e4 e6 2. d4 d5 3. Nc3 dxe4 4. Nxe4 Nd7 5. Be3 Ngf6 6. Nxf6+ Nxf6 7. Nf3 Be7
8. Bc4 O-O 9. h3 b6 10. O-O Bb7 11. c3 Nd5 12. Re1 Nxe3 13. Rxe3 c5 14. Be2 Rc8
15. dxc5 Qxd1+ 16. Rxd1 Bxc5 17. Red3 Ba6 18. R3d2 Bxe2 19. Rxe2 Rfd8 20. Red2
Be7 21. Rd7 Ra8 22. Ne5 Kf8 23. Nc6 Re8 24. Rb7 Rac8 25. Nxa7 Rcd8 26. Rxd8 Bxd8
27. Nc6 Bf6 28. Rxb6 Ra8 29. a4 g6 30. a5 Ke8 31. a6 Bd8 32. Nxd8 Kxd8 33. c4
Ra7 34. b4 Ra8 35. b5 h5 36. Rb7 1-0

[Event "3rd Al Ain Chess Classic"]
[Site "Al-Ain UAE"]
[Date "2014.12.24"]
[Round "7.65"]
[White "Sultan, Fadel Saeed M Alshamsi"]
[Black "Mosallam, Mohammad"]
[Result "0-1"]
[WhiteElo "1247"]
[BlackElo "1486"]
[WhiteFideId "9309551"]
[BlackFideId "9308709"]
[EventDate "2014.12.19"]

1. e4 e5 2. Nf3 Nc6 3. Bc4 Nf6 4. d3 Be7 5. Nc3 O-O 6. O-O d6 7. h3 Na5 8. Bb3
Nxb3 9. axb3 c5 10. Be3 a5 11. Re1 h6 12. Qd2 Be6 13. Nh2 Qd7 14. f4 exf4 15.
Bxf4 d5 16. exd5 Bxd5 17. Nxd5 Nxd5 18. Bg3 Bg5 19. Qd1 Ne3 20. Qe2 Rfe8 21. Qf2
Nf5 22. Nf3 Be3 23. Rxe3 Nxe3 24. Ne5 Qd4 25. Qxf7+ Kh8 26. Qg6 Rxe5 27. Bxe5
Qxe5 28. Re1 Qd4 29. Kh1 Nxc2 30. Re4 Qxb2 31. d4 Nxd4 32. Re8+ Rxe8 33. Qxe8+
Kh7 34. Qe4+ Nf5 35. Qxf5+ g6 36. Qxc5 Qxb3 37. Qe7+ Kg8 38. Qe8+ Kg7 39. Qe5+
Kf7 40. Qf4+ Ke6 41. Qxh6 Qd1+ 42. Kh2 Qd6+ 43. Kh1 Qd1+ 44. Kh2 Qh5 45. Qe3+
Qe5+ 46. Qxe5+ Kxe5 47. Kg3 b5 48. Kf3 b4 49. Ke3 a4 50. Kd3 Kf4 0-1

[Event "3rd Al Ain Chess Classic"]
[Site "Al-Ain UAE"]
[Date "2014.12.24"]
[Round "7.66"]
[White "Alur Varun"]
[Black "Mayed, AlRashedi"]
[Result "0-1"]
[BlackTitle "FM"]
[WhiteElo "1350"]
[BlackElo "1908"]
[WhiteFideId "46649123"]
[BlackFideId "9303871"]
[EventDate "2014.12.19"]

1. e4 e5 2. Nf3 Nc6 3. Bc4 Nf6 4. Nc3 Bc5 5. d3 h6 6. O-O d6 7. h3 Na5 8. Bb3
Nxb3 9. axb3 a6 10. Be3 Bxe3 11. fxe3 O-O 12. d4 Qe7 13. Qe2 Re8 14. Rfe1 Bd7
15. b4 Bc6 16. Nd2 d5 17. exd5 Bxd5 18. Nxd5 Nxd5 19. Qc4 Nxb4 20. dxe5 Nc6 21.
Qe4 Qxe5 22. Qxe5 Nxe5 23. Ra3 Rad8 24. Nf3 Nxf3+ 25. gxf3 Rd2 26. Rc3 c6 27.
Rf1 Re6 28. Rf2 Rg6+ 29. Kf1 Rd1+ 30. Ke2 Rgd6 31. Rd3 R6xd3 32. cxd3 Rb1 33.
Kd2 Rxb2+ 34. Ke1 Rxf2 35. Kxf2 a5 36. Ke2 b5 37. Kd2 a4 38. Kc2 a3 39. Kb1 b4
40. d4 Kf8 41. d5 cxd5 42. e4 d4 43. e5 b3 44. e6 d3 45. e7+ Kxe7 46. h4 d2 47.
h5 d1=R# 0-1

[Event "3rd Al Ain Chess Classic"]
[Site "Al-Ain UAE"]
[Date "2014.12.24"]
[Round "7.67"]
[White "Singh Gurmeher"]
[Black "Al-Zaruoni, Fahad"]
[Result "0-1"]
[BlackTitle "CM"]
[WhiteElo "1243"]
[BlackElo "1654"]
[WhiteFideId "25089455"]
[BlackFideId "9300660"]
[EventDate "2014.12.19"]

1. e4 c6 2. d4 d5 3. exd5 cxd5 4. Nf3 Nc6 5. Be3 Nf6 6. Nbd2 Bg4 7. h3 Bh5 8.
Be2 e6 9. O-O Bd6 10. c3 O-O 11. Re1 Bg6 12. Bg5 Be7 13. Nf1 Ne4 14. Bf4 Bd6 15.
Bh2 Bxh2+ 16. N1xh2 f5 17. c4 Rc8 18. c5 b6 19. Ba6 Rb8 20. Bb5 Be8 21. Bxc6
Bxc6 22. Ne5 Be8 23. f3 Ng3 24. Kf2 Qh4 25. Kg1 bxc5 26. dxc5 Rxb2 27. c6 Qb4
28. Qd3 f4 29. Red1 Qc5+ 30. Qd4 Qc2 31. Qd2 Qxd2 32. Rxd2 Rxd2 33. Rb1 Rc2 34.
Nd7 Bxd7 35. cxd7 Rc7 36. d8=Q Rxd8 37. Ng4 Rc1+ 38. Rxc1 Ne2+ 39. Kf2 Nxc1 40.
Ne5 Nxa2 41. Nc6 Rd7 42. Ke2 d4 43. Kd3 Nc1+ 44. Kc2 Rc7 45. Kxc1 Rxc6+ 46. Kd2
a5 47. Kd3 e5 48. Ke4 Rc5 49. Kd3 a4 50. Ke4 a3 51. Kf5 g6+ 52. Ke6 a2 53. Kf6
a1=Q 54. g4 Qa6+ 55. Kg5 Kg7 56. Kh4 0-1

[Event "3rd Al Ain Chess Classic"]
[Site "Al-Ain UAE"]
[Date "2014.12.24"]
[Round "7.69"]
[White "Almajbari, Abdalla Ali"]
[Black "ALTaher, Saeed Tarek"]
[Result "0-1"]
[WhiteElo "1942"]
[BlackElo "1437"]
[WhiteFideId "9205314"]
[BlackFideId "9304045"]
[EventDate "2014.12.19"]

1. g3 e5 2. e4 d5 3. Bg2 dxe4 4. Bxe4 Nf6 5. Bg2 Bc5 6. d3 Bg4 7. Nf3 e4 8. dxe4
Qxd1+ 9. Kxd1 O-O 10. e5 Ne4 11. Rf1 Bxf2 12. h3 Bc8 13. Ng5 Nxg5 14. Rxf2 Rd8+
15. Ke2 Ne6 16. Nc3 c6 17. Be3 Re8 18. Kf1 Nd7 19. Bf4 Nxf4 20. gxf4 Nb6 21. b3
Bf5 22. Rd1 Rad8 23. Rfd2 Rxd2 24. Rxd2 h6 25. h4 Kf8 26. a4 Re7 27. Ne4 Nc8 28.
Nc5 b6 29. Rd8+ Re8 30. Rxe8+ Kxe8 31. Bxc6+ Kd8 32. Ne4 Kc7 33. Bd5 Ne7 34. Nc3
Bxc2 35. Bxf7 Nf5 36. Nb5+ Kd7 37. e6+ Ke7 38. Nxa7 Bxb3 39. a5 bxa5 40. Nc6+
Kf6 41. Nxa5 Bxe6 42. Bxe6 Kxe6 43. h5 Ng3+ 44. Kg2 Nxh5 45. Kh3 Nxf4+ 46. Kg3
Ne2+ 47. Kg4 Kf6 48. Kh5 Kf5 49. Nc6 Nf4+ 50. Kh4 g5+ 51. Kg3 Nh5+ 52. Kf3 g4+
53. Kg2 Nf4+ 54. Kg3 Kg5 0-1

[Event "3rd Al Ain Chess Classic"]
[Site "Al-Ain UAE"]
[Date "2014.12.24"]
[Round "7.70"]
[White "Ahmed Mohamed Qayed"]
[Black "Khaled Tarek AlTaher"]
[Result "1-0"]
[WhiteElo "1551"]
[BlackElo "1286"]
[WhiteFideId "9314261"]
[BlackFideId "9307575"]
[EventDate "2014.12.19"]

1. e4 e5 2. Nf3 Nc6 3. Bc4 Nf6 4. d3 Bc5 5. Nc3 d6 6. Bg5 h6 7. Be3 Nd4 8. Bxd4
Bxd4 9. Nxd4 exd4 10. Ne2 Ng4 11. h3 d5 12. hxg4 dxc4 13. dxc4 Bxg4 14. Qd2 O-O
15. O-O-O Re8 16. f3 Be6 17. Rh2 Qg5 18. Qxg5 hxg5 19. Rdh1 f6 20. Nxd4 Bxc4 21.
Nf5 Be6 22. g4 Bxf5 23. gxf5 Kf7 24. Re2 Re5 25. Rd1 Ke7 26. Red2 g4 27. fxg4
Rxe4 28. Rd7+ Kf8 29. Rxc7 Rxg4 30. Rxb7 Rg5 31. Rdd7 Rg1+ 32. Kd2 Rg2+ 33. Kc3
Rc8+ 34. Kb3 Rg3+ 35. c3 a5 36. Ra7 Rb8+ 37. Rdb7 Rxb7+ 38. Rxb7 Rg5 39. Rb5 g6
40. Rxa5 gxf5 41. a4 f4 42. Rxg5 fxg5 43. Kc4 f3 44. Kd3 f2 45. Ke2 f1=Q+ 46.
Kxf1 Ke7 47. Kg2 Kd6 48. b4 Kc6 49. Kg3 Kb6 50. c4 g4 51. Kxg4 1-0